000 00434nam a2200193Ia 4500
008 101110s9999 xx 000 0 und d
041 _aENGLISH
082 _bSR2355
_a657
100 _aRoy S.P.
245 _aProblems in Costing
365 _b15
520 _aCommerce
546 _aENGLISH
630 _aProblems in Costing
650 _aCommerce
655 _aCommerce
730 _aProblems in Costing
942 _cBOOK
999 _c799140
_d799137